000 00874akm a2200313a 44500
008 100415s2009 cat
041 _acat
041 _bspa
245 _aLèxic de la religió catòlica
245 _h[tríptic]
260 _a[València]
260 _bAcadèmia Valenciana de la Llengua
260 _c2009
300 _a1 tríptic.
_bil.
500 _aCategoria gramatical
520 _aaprox. 100
591 _a10188
592 _aObra terminològica
593 _aQKNB
594 _a10188
650 _acatolicisme
_973505
856 _uhttps://www.avl.gva.es/wp-content/uploads/2023/03/376-09_tripticreligiocatolica.pdf
901 _c[<2009>]
902 _a100415
942 _cMO
_n0
_2ddc
999 _c65452
_d65452